Statystyki dla Losowe stolice na mapie Afryki

Kliknij tutaj aby rozwiązać quiz!

Ogólne statystyki

  • Ten quiz został rozwiązany 774 razy
  • Średni wynik to 7 z 12

Odpowiedzi na mapie

Odpowiedzi skodowane kolorowo w zielono-czerwonej skali na mapie do tego quizu, zgodnie z poniższymi procentami.
 

Statystyki odpowiedzi

Stolica% Poprawnych
Kair
100%
Rabat
95%
Tunis
94%
Trypolis
93%
Algier
90%
Freetown
89%
Nawakszut
89%
Dakar
88%
Bamako
85%
Pretoria
85%
Antananarywa
83%
Kinszasa
80%
Wagadugu
78%
Asmara
77%
Addis Abeba
76%
Dżibuti
75%
Kapsztad
71%
Mogadiszu
71%
Abudża
67%
Chartum
64%
Ndżamena
64%
Niamey
64%
Porto-Novo | Kotonou
64%
Victoria
64%
Gaborone
63%
Kampala
63%
Nairobi
63%
Luanda
62%
Konakry
56%
Lusaka
55%
São Tomé
55%
Jamusukro
54%
Monrovia
53%
Akra
50%
Bandżul
50%
Dżuba
50%
Harare
50%
Jaunde
50%
Kigali
50%
Libreville
50%
Moroni
50%
Port Louis
50%
Praia
50%
Windhuk
50%
Gitega
47%
Mbabane
45%
Bangi
44%
Dodoma
44%
Bissau
43%
Brazzaville
36%
Maputo
36%
Malabo
35%
Lomé
30%
Bloemfontein
20%
Lilongwe
15%
Maseru
14%

Rozkład punktacji

Percentyl według liczby udzielonych odpowiedzi

Procent ludzi z każdym wynikiem

Twoja historia wyników

Nie rozwiązałeś tego quizu